| 000 | 00594nam a2200145 4500 | ||
|---|---|---|---|
| 001 | 137553 | ||
| 003 | ES-MaACL | ||
| 007 | t| | ||
| 008 | 070214s1908 sp r ||||1| spa d | ||
| 100 | 1 |
_aSánchez de Castro, Manuel. _9102573 |
|
| 245 | 1 | 0 |
_aDiscurso pronunciado por D. Manuel Sánchez de Castro en la sesión celebrada en la Iglesia de la Universidad el día 2 de Mayo de 1908 para conmemorar el 1er. centenario de la Guerra de la Independencia / _cManuel Sánchez de Castro. |
| 260 |
_aSevilla : _bPapeleria Sevillana, _c1908. |
||
| 300 |
_a27 p. ; _c21 cm. |
||
| 852 |
_aES-MaACL _jT-671-F-3 |
||
| 999 |
_c137553 _d137553 |
||